000
00303nam a2200121Ia 4500
082
_a
423.91431
_b
KUM
100
_a
Suresh Kumar,
245
_a
Oxford English-English Hindi dictionary
260
_b
Oxford University Press
_a
N.Delhi
_c
2008
300
_a
1395p.
700
_a
Sahai,Ramanath
942
_2
ddc
_c
BK
999
_c
5322
_d
5322